Ocotal: una urbanización más humana /

Guardado en:
書目詳細資料
主要作者: Rocha, José Luis
格式: Texto
標簽: 添加標簽
沒有標簽, 成為第一個標記此記錄!

MARC

LEADER 00000 a a2200000 04500
001 7106
003
040
100 |a Rocha, José Luis  
245 |a Ocotal:   |b una urbanización más humana /  |c José Luis Rocha 
773 |g volumen 18, número 210; páginas 13-19  
999 |c 32202  |d 32202